| 000 | 00629nam a2200217Ii 4500 | ||
|---|---|---|---|
| 001 | 11462 | ||
| 003 | CO-ViMGA | ||
| 008 | 241108s9999||||xx |||||||||||||| ||und|| | ||
| 020 | _a9589235352 | ||
| 040 |
_aCO-ViMGA _bspa _erda _cCO-ViMGA |
||
| 041 | 0 | _aunk | |
| 082 | 0 | 4 | _aM863.6-S45a |
| 100 | 1 | _aFabio Silva Vallejo | |
| 245 | 1 | 0 | _aAnálisis literario Los de abajo |
| 264 | 1 | _a[Lugar de publicación no identificado] : Esquilo, 1998 | |
| 300 | _avolumen | ||
| 336 |
_atext _btxt _2rdacontent |
||
| 337 |
_aunmediated _bn _2rdamedia |
||
| 338 |
_avolume _bnc _2rdacarrier |
||
| 940 | _aidficha_siabuc: 11188. -- ficha_no_siabuc:11462 | ||
| 999 |
_c51456 _d51456 |
||